El libro del convaleciente : (Record no. 83707)

MARC details
000 -LEADER
campo de control de longitud fija 00748nam a2200229 i 4500
001 - NÚMERO DE CONTROL
campo de control 83707
003 - IDENTIFICADOR DE NÚMERO DE CONTROL
campo de control ES-MaACL
005 - FECHA Y HORA DE LA ÚLTIMA TRANSACCIÓN
campo de control 20230906174858.0
007 - CAMPO FIJO DE DESCRIPCIÓN FÍSICA--INFORMACIÓN GENERAL
campo de control de longitud fija t|
008 - DATOS DE LONGITUD FIJA--INFORMACIÓN GENERAL
campo de control de longitud fija 041118s1943 sp ||||1| spa d
080 ## - NÚMERO DE LA CLASIFICACIÓN DECIMAL UNIVERSAL
Número de la Clasificación Decimal Universal 821.134.2-7"19"
100 1# - ENTRADA PRINCIPAL--NOMBRE DE PERSONA
Nombre de persona Jardiel Poncela, Enrique.
9 (RLIN) 66113
245 13 - MENCIÓN DEL TÍTULO
Título El libro del convaleciente :
Resto del título (inyecciones de alegría para hospitales y sanatorios) /
Mención de responsabilidad, etc. Enrique Jardiel Poncela.
250 ## - MENCION DE EDICION
Mención de edición 2ª ed. con notas.
260 ## - PUBLICACIÓN, DISTRIBUCIÓN, ETC.
Lugar de publicación, distribución, etc. Madrid :
Nombre del editor, distribuidor, etc. Biblioteca Nueva,
Fecha de publicación, distribución, etc. 1943 (
Lugar de fabricación/manufactura Segovia :
Fabricante El Adelantado)
300 ## - DESCRIPCIÓN FÍSICA
Extensión 469 p. :
Otras características físicas il. ;
Dimensiones 20 cm.
490 1# - MENCIÓN DE SERIE
Mención de serie Biblioteca nueva
650 #4 - PUNTO DE ACCESO ADICIONAL DE MATERIA--TÉRMINO DE MATERIA
Término de materia o nombre geográfico como elemento de entrada Humorismo español-
Subdivisión cronológica S.XX.
9 (RLIN) 13512
830 1# - PUNTO DE ACCESO ADICIONAL DE SERIE-TÍTULO UNIFORME
Título uniforme Biblioteca nueva
9 (RLIN) 184435
852 ## - LOCALIZACIÓN
Ubicación ES-MaACL
Número de control de estantería C-4706
Holdings
Estatus retirado Estado de pérdida Estado de daño No para préstamo Biblioteca de origen Biblioteca actual Ubicación en estantería Fecha de adquisición Fuente de adquisición Total de préstamos Signatura topográfica completa Código de barras Visto por última vez Precio de reemplazo Tipo de ítem Koha
        Biblioteca del Ateneo de Madrid Biblioteca del Ateneo de Madrid Sala Palomar 17/01/2008     C-4706 1087485 23/02/2023 23/02/2023 Libro impreso